TEXT BOOK OF MEDICAL LABORATORY TECHNOLOGY - 1 (Record no. 501358)

MARC details
000 -LEADER
fixed length control field 00447pam a2200157a 44500
008 - FIXED-LENGTH DATA ELEMENTS--GENERAL INFORMATION
fixed length control field 230515b2014 xxu||||| |||| 00| 0 eng d
020 ## - INTERNATIONAL STANDARD BOOK NUMBER
International Standard Book Number 978.93.81496.190
041 ## - LANGUAGE CODE
Language code of text/sound track or separate title ENGLISH
082 ## - DEWEY DECIMAL CLASSIFICATION NUMBER
Classification number 616.7/GODKAR
100 ## - MAIN ENTRY--PERSONAL NAME
Personal name GODKAR P.B
245 ## - TITLE STATEMENT
Title TEXT BOOK OF MEDICAL LABORATORY TECHNOLOGY - 1
250 ## - EDITION STATEMENT
Edition statement 3RD ED-2014
260 ## - PUBLICATION, DISTRIBUTION, ETC.
Place of publication, distribution, etc. MUMBAI
Name of publisher, distributor, etc. BALANI MEDOCAL BOOK
Date of publication, distribution, etc. 2014
300 ## - PHYSICAL DESCRIPTION
Extent 840
650 ## - SUBJECT ADDED ENTRY--TOPICAL TERM
Topical term or geographic name entry element TEXT BOOK OF MEDICAL LABORATORY TECHNOLOGY - 1
Holdings
Withdrawn status Lost status Damaged status Not for loan Home library Current library Shelving location Date acquired Source of acquisition Cost, normal purchase price Total Checkouts Full call number Barcode Date last seen Price effective from Koha item type
        College of Ayurved, Pune College of Ayurved, Pune 13/A/3 09/12/2017 BHARATI MADH. SAHA. GRAH. BHANDAR LTD. 1247.00   616.7/GODKAR ACP-PG-4877 28/06/2023 28/06/2023 Book